|
|
|
|
| LEADER |
00786nab a2200205 i 4500 |
| 001 |
publ12557 |
| 005 |
20200220091946.0 |
| 008 |
171221s2017 hu o 0|| zxx d |
| 022 |
|
|
|a 0939-6411
|
| 024 |
7 |
|
|a 10.1016/j.ejpb.2017.03.015
|2 doi
|
| 024 |
7 |
|
|a 3294216
|2 mtmt
|
| 040 |
|
|
|a SZTE Publicatio Repozitórium
|b hun
|
| 041 |
|
|
|a zxx
|
| 100 |
1 |
|
|a Ismail Ruba
|
| 245 |
1 |
0 |
|a Novel strategies in the oral delivery of antidiabetic peptide drugs – Insulin, GLP 1 and its analogs
|h [elektronikus dokumentum] /
|c Ismail Ruba
|
| 260 |
|
|
|c 2017
|
| 300 |
|
|
|a 257-267
|
| 490 |
0 |
|
|a EUROPEAN JOURNAL OF PHARMACEUTICS AND BIOPHARMACEUTICS
|v 115
|
| 700 |
0 |
2 |
|a Pannonhalminé Csóka Ildikó
|e aut
|
| 856 |
4 |
0 |
|u http://publicatio.bibl.u-szeged.hu/12557/1/1_s2.0_S0939641116309389_main_1_u.pdf
|z Dokumentum-elérés
|